Name the Rambo Movies - Statistics

General Stats
  • This quiz has been taken 133 times
    107 since last reset
  • The average score is 4 of 5
Answer Stats
Hint Answer % Correct
2008 Rambo
93%
1988 Rambo III
93%
1982 First Blood
87%
1985 Rambo: First Blood Part II
83%
2019 Rambo: Last Blood
81%
No matching quizzes found
Score Distribution
Percent of People with Each Score
Percentile by Number Answered
Your Score History
You have not taken this quiz since the last reset